000 00954nam0a22002531 4500
001 rc\735224
005 20250622113133.0
035 _a(NLR Aleph) 006265355
090 _a6892423
_c6892423
100 _a20040301d1985 |||y0rusy50 ca
101 0 _arus
102 _aRU
105 _aa |||||||||
200 1 _aПриродные ресурсы ЦЧЭР, перспективы их использования и охрана
_f[Б.П. Ахтырцев, А.Б. Ахтырцев, А.Т. Цуриков и др.
_gНауч. ред. Б.П. Ахтырцев]
210 _aВоронеж
_cИзд-во Воронеж. ун-та
_d1985
215 _a199 с.
_cил.
_d21
300 _aАвт. указаны в огл.
320 _aБиблиогр. в конце глав
701 1 _aАхтырцев
_bБ.П.
_gБорис Павлович
801 0 _aRU
_bNLR
_gpsbo
801 1 _aRU
_bELAR
_2rusmarc
852 _aNLR
_j86-5/1426
942 _cBOOK
980 _aNB